| 000 | 00708cam a22002418a 4500 | ||
|---|---|---|---|
| 008 | |||
| 020 | _a0471691003 (hbk.) | ||
| 049 | _aMAIN | ||
| 090 |
_aR726.7 _bSAR |
||
| 100 | 1 | _aSarafino, Edward P. | |
| 245 | 1 | 0 |
_aHealth psychology : _bbiopsychosocial interactions / _cEdward P. Sarafino. |
| 250 | _a5th ed. | ||
| 260 |
_aNew York : _bWiley, _c2006. |
||
| 300 |
_axix, 550 p. : _bill. ; _c 21cm. |
||
| 504 | _aIncludes bibliographical references. | ||
| 500 | _a Includes index. | ||
| 650 | 0 | _aClinical health psychology. | |
| 907 |
_a.b10297947 _b14-06-11 _c07-06-11 |
||
| 003 | |||
| 005 | 20230120204103.0 | ||
| 040 | _cNUST | ||
| 942 |
_cBOOKS _kR726.7 _mSAR |
||
| 999 |
_c116874 _d116874 |
||